| 000 | 00438nam a2200157Ia 4500 | ||
|---|---|---|---|
| 008 | 151021s9999 xx 000 0 und d | ||
| 020 | _a9.7805343776e+012 | ||
| 050 | _aQA 276.12.W67 2002 | ||
| 245 | _a_Introduction to statistics George Woodbury | ||
| 260 | _aUSA Brooks/cole 2002 | ||
| 300 | _axx,700p. | ||
| 500 | _aIncludes index | ||
| 500 | _aIncludes index | ||
| 650 | _a_statistics | ||
| 980 | _a^d20120809 12:14:41^oanne | ||
| 999 |
_c12287 _d12287 |
||